Statistics for Widest Countries East to West

Click here to take the quiz!

General Stats

  • This quiz has been taken 66,839 times
  • The average score is 16 of 20

Answer Stats

SpanCountry% Correct
10,564 kmRussia
100%
4,563 kmUnited States
99%
5,823 kmCanada
99%
5,224 kmChina
98%
4,329 kmBrazil
97%
4,045 kmAustralia
95%
2,887 kmIndia
93%
2,523 kmMongolia
87%
3,008 kmKazakhstan
85%
3,151 kmMexico
85%
2,122 kmD.R. Congo
79%
2,110 kmAlgeria
79%
1,911 kmIran
76%
2,176 kmSaudi Arabia
74%
1,610 kmTurkey
71%
1,634 kmLibya
68%
1,820 kmSudan
62%
1,702 kmNiger
60%
1,773 kmMali
52%
1,670 kmMorocco
40%

Score Distribution

Percentile by Number Answered

Percent of People with Each Score

Your Score History

You have not taken this quiz